| 000 | 00464nam a2200193Ia 4500 | ||
|---|---|---|---|
| 008 | 170918s9999 xx 000 0 und d | ||
| 020 | _a9780545075886 | ||
| 050 | _bP223 2009 | ||
| 100 | _aParatore, Coleen Murtagh | ||
| 245 | _aSunny holiday / | ||
| 245 | _cColeen Murtgh Paratore. | ||
| 260 | _aNew York : | ||
| 260 | _bScholastic, | ||
| 260 | _c2009 | ||
| 300 | _a160 pages : | ||
| 300 | _bcolored illustration ; | ||
| 300 | _c19cm. | ||
| 500 | _a650 | ||
| 999 |
_c341873 _d341873 |
||